Score 0/25 Timer 08:00
0 Plays Today
% Correct
Give a
84.8%
No * Sherlock
82.5%
Faced
82%
Get your * together
80.6%
Up * Creek
80.1%
Eating Grin
78.2%
Shower and shave
77.3%
Hole
76.8%
for brains
76.3%
Shoot the
75.4%
Holy
73.9%
Load of
72.5%
Eat
72%
% Correct
Hits the fan
71.6%
Happens
68.7%
Less
68.7%
Head
68.2%
Piece of
67.8%
In Deep
65.4%
On
63.5%
List
60.2%
On a Shingle
58.8%
My Pants
57.8%
Tough
55.9%
A brick
49.3%
Remove Ads.
Support Sporcle.
Get the best of Sporcle when you Go Orange. This ad-free experience offers more features, more stats, and more fun while also helping to support Sporcle. Thank you for becoming a member.

You're not logged in!

Compare scores with friends on all Sporcle quizzes.
OR
Log In

Show Comments

Extras

Top Quizzes Today


Score Distribution

Your Account Isn't Verified!

In order to create a playlist on Sporcle, you need to verify the email address you used during registration. Go to your Sporcle Settings to finish the process.

Report this User

Report this user for behavior that violates our Community Guidelines.

Details: